Výdaje na výzkum a vývoj v průmyslu vyspělých kapitalistických států

Na minha lista:
Detalhes bibliográficos
Autor principal: Hartmanová, Libuše
Formato: Livro
Idioma:tcheco
Publicado em: Praha Ústředí vědeckých, technických a ekonomických informací 1981
Tags: Adicionar Tag
Sem tags, seja o primeiro a adicionar uma tag!

MARC

LEADER 00000nam a2200000 4500
001 c126424
005 20041019155238.0
041 0 |a cze 
044 |a CZ 
245 1 0 |a Výdaje na výzkum a vývoj v průmyslu vyspělých kapitalistických států  |c Libuše Hartmanová 
264 1 |a Praha  |b Ústředí vědeckých, technických a ekonomických informací  |c 1981 
300 |a 58 s. 
100 1 |a Hartmanová, Libuše